| 000 | 00736nam a22002177a 4500 | ||
|---|---|---|---|
| 999 |
_c16796 _d16796 |
||
| 003 | AR-CdUCM | ||
| 008 | 190506b ||||| |||| 00| 0 spa d | ||
| 040 |
_aMUNICIPALIDAD PROVINCIAL DEL CUSCO _cBIBLIOTECA MUNICIPAL DEL CUSCO |
||
| 082 |
_a108 / _bR86 / 1962 |
||
| 100 |
_aRousseau _917554 |
||
| 245 |
_aDiscurso sobre las ciencias y las artes : _bSeguido de observaciones y refutación |
||
| 260 |
_aBuenos Aires : _bAguilar, _c1962. |
||
| 300 |
_a169 páginas ; _c16 cm. |
||
| 505 | _aContenido : Prologo -- Prefacio -- Discurso -- Primera parte ... | ||
| 650 |
_aDiscurso _92504 |
||
| 650 |
_aCiencias _98174 |
||
| 650 |
_aArtes _914491 |
||
| 700 |
_aGauteir, José _936464 |
||
| 942 |
_2ddc _cLIBROS |
||
| 945 |
_arah _d06/05/2019 |
||